Pour une nouvelle théorie des figures (notice n° 1991689)
[ vue normale ]
| 000 -LEADER | |
|---|---|
| fixed length control field | 01388cam a2200133 4500500 |
| 005 - DATE AND TIME OF LATEST TRANSACTION | |
| control field | 20260329044316.0 |
| 041 ## - LANGUAGE CODE | |
| Language code of text/sound track or separate title | fre |
| 042 ## - AUTHENTICATION CODE | |
| Authentication code | dc |
| 100 10 - MAIN ENTRY--PERSONAL NAME | |
| Personal name | Gardes Tamine, Joëlle |
| Relator term | author |
| 245 00 - TITLE STATEMENT | |
| Title | Pour une nouvelle théorie des figures |
| 260 ## - PUBLICATION, DISTRIBUTION, ETC. | |
| Name of publisher, distributor, etc. | Presses Universitaires de France,<br/> |
| Date of publication, distribution, etc. | 2011.<br/> |
| 520 ## - SUMMARY, ETC. | |
| Summary, etc. | Dans le cadre d’une théorie générale, qui articule les trois disciplines fondamentales en analyse du langage que sont la grammaire, la rhétorique et la stylistique, et à la lumière de l’examen critique de l’histoire de la notion, il est montré comment les figures, contrairement à ce qu’en dit la tradition, qui voit en elles un écart dans la langue, reposent sur des mécanismes ordinaires. Qu’ils soient généraux (actualisation, extension de propriétés…) ou plus spécifiques (parcours d’échelles orientées recours à la métalangue…), ces mécanismes, employés dans dessituations particulières, qu’il s’agisse de discours publics ou d’échanges privés, permettent de construire des énoncés qui accentueront ou réduiront la distance entre interlocuteurs, au fondement même de la rhétorique, et contribuent à rendre plus ou moins explicite le questionnement qui sous-tend n’importe quel propos. |
| 856 41 - ELECTRONIC LOCATION AND ACCESS | |
| Uniform Resource Identifier | <a href="https://shs.cairn.info/pour-une-nouvelle-theorie-des-figures--9782130579090?lang=fr&redirect-ssocas=7080">https://shs.cairn.info/pour-une-nouvelle-theorie-des-figures--9782130579090?lang=fr&redirect-ssocas=7080</a> |
Pas d'exemplaire disponible.




Réseaux sociaux